Statistics for Top 16 Countries With Most Hindus by Percentage

Click here to take the quiz!

General Stats

  • This quiz has been taken 112 times
  • The average score is 11 of 16

Answer Stats

PercentageCountry% Correct
79.8%India
100%
81.3%Nepal
95%
12.6%Sri Lanka
93%
8.5%Bangladesh
87%
25%Bhutan
85%
6.3%Malaysia
73%
5.0%Singapore
70%
11%United Arab Emirates
64%
48.5%Mauritius
63%
13.8%Qatar
61%
12%Kuwait
56%
33%Fiji
55%
22.3%Suriname
55%
24.8%Guyana
54%
5.7%Oman
49%
22.5%Trinidad and Tobago
44%

Score Distribution

Percentile by Number Answered

Percent of People with Each Score

Your Score History

You have not taken this quiz